Catálogo

EL MANEJO DE LAS ORGANIZACIONES Y SU AUDITORIA INTERNA : (Registro nro. 13416)

Detalles MARC
000 -LEADER
fixed length control field 00496nam a2200157 a 4500
001 - CONTROL NUMBER
control field 13416
005 - DATE AND TIME OF LATEST TRANSACTION
control field 20180713201807.0
008 - FIXED-LENGTH DATA ELEMENTS--GENERAL INFORMATION
fixed length control field 140415s1995 000 0 spa d
041 ## - LANGUAGE CODE
Language code of text/sound track or separate title spa
082 ## - DEWEY DECIMAL CLASSIFICATION NUMBER
Classification number 657.45
Item number LAZ
100 1# - MAIN ENTRY--PERSONAL NAME
Personal name LAZCANO SERES, JUAN MANUEL
245 13 - TITLE STATEMENT
Title EL MANEJO DE LAS ORGANIZACIONES Y SU AUDITORIA INTERNA :
Remainder of title RENUEVE SU COMPROMISO DE ALTA GESTION EMPRESARIAL
260 ## - PUBLICATION, DISTRIBUTION, ETC.
Place of publication, distribution, etc. [s.l.] :
Name of publisher, distributor, etc. NCGRAW HILL,
Date of publication, distribution, etc. 1995
300 ## - PHYSICAL DESCRIPTION
Extent 201
650 14 - SUBJECT ADDED ENTRY--TOPICAL TERM
Topical term or geographic name entry element AUDITORIA
General subdivision ORGANIZACION
Existencias
Withdrawn status Lost status Source of classification or shelving scheme Damaged status Not for loan Collection code Home library Current library Shelving location Date acquired Source of acquisition Inventory number Total Checkouts Full call number Barcode Date last seen Price effective from Koha item type
    Dewey Decimal Classification     General Biblioteca Karol Wojtyla Biblioteca Karol Wojtyla Sala general 03/12/2013 Compra 151000000000000000021079   657.45 LAZ 30239 05/01/2026 03/12/2013 Libro